000 00499cam a2200145 4500500
005 20260208005830.0
041 _afre
042 _adc
100 1 0 _aAntoine, Gérald
_eauthor
245 0 0 _aIn memoriam Gunnar Von Proschwitz
260 _c2005.
500 _a57
786 0 _nRevue d'histoire littéraire de la France | 105 | 3 | 2005-06-01 | p. 767-768 | 0035-2411
856 4 1 _uhttps://shs.cairn.info/revue-d-histoire-litteraire-de-la-france-2005-3-page-767?lang=fr&redirect-ssocas=7080
999 _c1654016
_d1654016